Les Constellations - Statistiques

Statistiques générales
  • Ce quiz a été pris 1 535 fois
  • Le résultat moyen est 51 sur 88
Statistiques - réponses
Réponse % Correct
Lion
93%
Cancer
91%
Vierge
90%
Balance
89%
Bélier
89%
Capricorne
89%
Gémeaux
89%
Grande Ourse
89%
Scorpion
89%
Taureau
89%
Petite Ourse
88%
Verseau
88%
Sagittaire
86%
Poissons
85%
Orion
80%
Andromède
79%
Cygne
75%
Dragon
75%
Serpent
75%
Aigle
74%
Cassiopée
74%
Pégase
72%
Hercule
69%
Grand Chien
67%
Baleine
65%
Loup
65%
Petit Chien
65%
Hydre
64%
Persée
64%
Lyre
63%
Croix du Sud
59%
Dauphin
59%
Ophiuchus
59%
Céphée
58%
Licorne
58%
Bouvier
56%
Centaure
56%
Girafe
55%
Petit Lion
55%
Corbeau
54%
Couronne boréale
54%
Chiens de Chasse
53%
Triangle
53%
Flèche
52%
Lézard
51%
Lynx
51%
Phénix
51%
Chevelure de Bérénice
50%
Hydre mâle
49%
Lièvre
49%
Cocher
48%
Couronne australe
48%
Voiles
48%
Carène
47%
Mouche
47%
Paon
47%
Poisson austral
47%
Autel
46%
Compas
46%
Sextant
46%
Boussole
45%
Colombe
45%
Horloge
45%
Machine pneumatique
45%
Petit Cheval
45%
Petit Renard
45%
Poisson volant
45%
Poupe
45%
Caméléon
44%
Ecu de Sobieski
44%
Dorade
43%
Indien
43%
Microscope
43%
Toucan
43%
Triangle austral
43%
Coupe
42%
Eridan
42%
Octant
41%
Burin
40%
Grue
39%
Télescope
39%
Oiseau de paradis
38%
Peintre
38%
Sculpteur
38%
Règle
37%
Réticule
37%
Table
37%
Fourneau
36%
Aucun quiz correspondant
Distribution des résultats
% des personnes avec chaque résultat
Percentile par nombre de réponses
Votre historique - résultats
Vous n’avez pas pris ce quiz